00813nam a22002417a 4500999001500000001000600015003000900021005001700030008004100047020001500088020002500103040002800128082001900156100002100175245008200196250001200278260003500290300002400325500005100349650002400400942001500424952013200439 c3907d390718538BD-DhUAP20200315121244.0200315r20111999enk b 001 0 eng d a0415585708 a9780415585705 (pbk.) aDLCcDLCdBD-DhUAPbEng00223a401.41 GEE1 aGee, James Paul.13aAn introduction to discourse analysis :btheory and method /cJames Paul Gee. a3rd ed. aNew York :bRoutledge,cc2011. a218 pages ;c24 cm. aIncludes bibliographical references and index. 0aDiscourse analysis.00012ddccBK 00102ddc4070aUAPCLbUAPCLcGeneral Stacksd2020-03-15l1o401.41 GEEp3010018538r2023-02-16s2023-01-08t1w2020-03-15yBK